000 00811cab a2200265 4500
001 WB3340-32
008 090401t1997 xxu||||| |||| 00| 0 eng d
035 _a(Sirsi) u81498
041 _aeng
245 _aConrad Ritblat merges
260 _c1997
350 _a0
490 _aBirmingham Post
_v15 October 1997, 11
490 _aScotsman
_v15 October 1997, 26
490 _aProperty Week
_v61(3) 17 October 1997, 5(3)
520 _aConrad Ritblat is to merge with property company Speciality Shops. The new company will be renamed the Milner Group.
650 _aCONRAD RITBLAT
650 _aMERGER
650 _aMILNER GROUP
650 _aSPECIALITY SHOPS
650 _aSURVEYING FIRMS
690 _aMANAGEMENT-BUSINESS MANAGEMENT-PROFESSIONAL PRACTICE
942 _n0
948 _c16/10/1997
999 _c51344
_d51344